[Event "DEM U18w 2025"]
[Site "Willingen GER"]
[Date "2025.06.11"]
[Round "5"]
[White "Reddi, Bhuvana"]
[Black "Ottlik, Marie"]
[Result "0-1"]
[Termination "normal"]
[Board "10"]
[WhiteElo "1851"]
[BlackElo "1744"]
[WhiteClock "00:01:22"]
[BlackClock "00:10:31"]
[PlyCount "106"]
[WhiteFideId "16287002"]
[BlackFideId "16281730"]
[EventCountry "GER"]
[EventRounds "9"]
[EventType "swiss"]
[EventDate "2025.06.07"]

1. e4 {[%clk 01:30:59]} c5 {[%clk 01:30:51]} {[%emt 00:00:10]} 2. Nf3 {[%clk
01:31:26]} {[%emt 00:00:03]} d6 {[%clk 01:31:10]} {[%emt 00:00:11]} 3. d4
{[%clk 01:31:51]} {[%emt 00:00:04]} cxd4 {[%clk 01:31:32]} {[%emt 00:00:09]} 4.
Nxd4 {[%clk 01:32:17]} {[%emt 00:00:03]} Nf6 {[%clk 01:31:58]} {[%emt
00:00:04]} 5. Nc3 {[%clk 01:32:41]} {[%emt 00:00:06]} a6 {[%clk 01:32:24]}
{[%emt 00:00:04]} 6. Bg5 {[%clk 01:33:06]} {[%emt 00:00:04]} e6 {[%clk
01:32:47]} {[%emt 00:00:08]} 7. f4 {[%clk 01:33:31]} {[%emt 00:00:05]} h6
{[%clk 01:32:42]} {[%emt 00:00:35]} 8. Bh4 {[%clk 01:32:54]} {[%emt 00:01:07]}
Qb6 {[%clk 01:32:55]} {[%emt 00:00:17]} 9. Rb1 {[%clk 01:09:57]} {[%emt
00:23:27]} Be7 {[%clk 01:27:30]} {[%emt 00:05:55]} 10. Bf2 {[%clk 01:08:24]}
{[%emt 00:02:03]} Qa5 {[%clk 01:11:29]} {[%emt 00:16:30]} 11. Bd3 {[%clk
01:07:19]} {[%emt 00:01:35]} b5 {[%clk 01:04:56]} {[%emt 00:07:04]} 12. a3
{[%clk 00:53:21]} {[%emt 00:14:29]} Bb7 {[%clk 00:54:21]} {[%emt 00:11:04]} 13.
O-O {[%clk 00:52:18]} {[%emt 00:01:33]} Qc7 {[%clk 00:46:32]} {[%emt 00:08:19]}
14. Qf3 {[%clk 00:43:36]} {[%emt 00:09:13]} Nbd7 {[%clk 00:36:28]} {[%emt
00:10:33]} 15. Qg3 {[%clk 00:40:40]} {[%emt 00:03:25]} Nc5 {[%clk 00:25:07]}
{[%emt 00:11:51]} 16. Rbe1 {[%clk 00:28:12]} {[%emt 00:12:59]} O-O {[%clk
00:20:18]} {[%emt 00:05:19]} 17. f5 {[%clk 00:18:04]} {[%emt 00:10:39]} e5
{[%clk 00:17:19]} {[%emt 00:03:28]} 18. Nf3 {[%clk 00:17:32]} {[%emt 00:01:01]}
Nh5 {[%clk 00:15:47]} {[%emt 00:02:03]} 19. Qg4 {[%clk 00:16:15]} {[%emt
00:01:46]} Nf6 {[%clk 00:15:00]} {[%emt 00:01:19]} 20. Qh3 {[%clk 00:14:28]}
{[%emt 00:02:15]} Rfd8 {[%clk 00:12:27]} {[%emt 00:03:03]} 21. g4 {[%clk
00:09:04]} {[%emt 00:05:54]} Nh7 {[%clk 00:11:27]} {[%emt 00:01:30]} 22. Qg3
{[%clk 00:08:34]} {[%emt 00:01:00]} Ng5 {[%clk 00:11:08]} {[%emt 00:00:50]} 23.
h4 {[%clk 00:07:39]} {[%emt 00:01:25]} Nxf3+ {[%clk 00:11:11]} {[%emt
00:00:27]} 24. Qxf3 {[%clk 00:08:03]} {[%emt 00:00:06]} f6 {[%clk 00:09:32]}
{[%emt 00:02:09]} 25. Nd5 {[%clk 00:04:02]} {[%emt 00:04:31]} Bxd5 {[%clk
00:09:54]} {[%emt 00:00:08]} 26. exd5 {[%clk 00:04:27]} {[%emt 00:00:04]} Re8
{[%clk 00:09:45]} {[%emt 00:00:39]} 27. Be4 {[%clk 00:04:07]} {[%emt 00:00:51]}
Nxe4 {[%clk 00:08:53]} {[%emt 00:01:22]} 28. Qxe4 {[%clk 00:04:35]} {[%emt
00:00:02]} Rac8 {[%clk 00:09:05]} {[%emt 00:00:18]} 29. Re2 {[%clk 00:03:59]}
{[%emt 00:01:05]} Qc4 {[%clk 00:09:02]} {[%emt 00:00:34]} 30. c3 {[%clk
00:02:43]} {[%emt 00:01:46]} Rc7 {[%clk 00:05:21]} {[%emt 00:04:11]} 31. Rd1
{[%clk 00:01:04]} {[%emt 00:02:07]} Qb3 {[%clk 00:05:09]} {[%emt 00:00:43]} 32.
Rde1 {[%clk 00:00:51]} {[%emt 00:00:43]} Rc4 {[%clk 00:04:59]} {[%emt
00:00:40]} 33. Qf3 {[%clk 00:01:09]} {[%emt 00:00:11]} Rec8 {[%clk 00:04:26]}
{[%emt 00:01:05]} 34. Be3 {[%clk 00:00:47]} {[%emt 00:00:51]} Qa4 {[%clk
00:04:28]} {[%emt 00:00:28]} 35. Rg2 {[%clk 00:00:59]} {[%emt 00:00:17]} Bd8
{[%clk 00:03:15]} {[%emt 00:01:44]} 36. Kh2 {[%clk 00:01:06]} {[%emt 00:00:23]}
Qa5 {[%clk 00:02:24]} {[%emt 00:01:22]} 37. Kh3 {[%clk 00:00:44]} {[%emt
00:00:51]} Qa4 {[%clk 00:01:10]} {[%emt 00:01:45]} 38. Qg3 {[%clk 00:00:44]}
{[%emt 00:00:29]} Be7 {[%clk 00:00:53]} {[%emt 00:00:48]} 39. Ree2 {[%clk
00:00:39]} {[%emt 00:00:35]} Qd1 {[%clk 00:00:50]} {[%emt 00:00:33]} 40. Re1
{[%clk 00:00:40]} {[%emt 00:00:28]} Qa4 {[%clk 00:00:57]} {[%emt 00:00:24]} 41.
Rge2 {[%clk 00:09:17]} {[%emt 00:21:52]} Re4 {[%clk 00:27:37]} {[%emt
00:03:51]} 42. Bg1 {[%emt 00:05:19]} Rxe2 {[%clk 00:26:36]} {[%emt 00:00:52]}
43. Rxe2 {[%clk 00:05:33]} {[%emt 00:00:04]} Qd1 {[%clk 00:26:58]} {[%emt
00:00:08]} 44. Qg2 {[%clk 00:05:41]} {[%emt 00:00:21]} Rc4 {[%clk 00:25:47]}
{[%emt 00:01:42]} 45. Rd2 {[%clk 00:04:45]} {[%emt 00:01:26]} Qa4 {[%clk
00:25:13]} {[%emt 00:01:04]} 46. Be3 {[%clk 00:04:27]} {[%emt 00:00:47]} h5
{[%clk 00:20:59]} {[%emt 00:04:45]} 47. Bf2 {[%clk 00:01:58]} {[%emt 00:03:53]}
Rxg4 {[%emt 00:06:21]} 48. Bg3 Qc4 {[%clk 00:14:10]} {[%emt 00:01:02]} 49. Qf2
{[%clk 00:01:35]} {[%emt 00:00:55]} Qe4 {[%clk 00:12:28]} {[%emt 00:02:12]} 50.
Qa7 {[%clk 00:00:47]} {[%emt 00:01:19]} Qh1+ {[%clk 00:10:18]} {[%emt
00:02:39]} 51. Rh2 {[%clk 00:01:00]} {[%emt 00:00:17]} Qf3 {[%clk 00:10:11]}
{[%emt 00:00:36]} 52. Rg2 {[%clk 00:01:02]} {[%emt 00:00:29]} Rxh4+ {[%clk
00:10:03]} 53. Kxh4 {[%clk 00:01:22]} {[%emt 00:00:44]} Qg4# {[%clk 00:10:31]}
0-1

[Event "DEM U18w 2025"]
[Site "Willingen GER"]
[Date "2025.06.11"]
[Round "5"]
[White "Schirmer, Sara"]
[Black "Gyácsok, Dzvinka"]
[Result "1-0"]
[Termination "normal"]
[Board "11"]
[WhiteElo "1630"]
[BlackElo "1689"]
[WhiteClock "00:49:22"]
[BlackClock "00:15:16"]
[PlyCount "65"]
[WhiteFideId "16297580"]
[BlackFideId "16298292"]
[EventCountry "GER"]
[EventRounds "9"]
[EventType "swiss"]
[EventDate "2025.06.07"]

1. d4 {[%clk 01:30:58]} {[%emt 00:00:02]} d5 {[%clk 01:30:54]} {[%emt
00:00:06]} 2. c4 {[%clk 01:31:25]} {[%emt 00:00:03]} e6 {[%clk 01:31:14]}
{[%emt 00:00:09]} 3. Nf3 {[%clk 01:31:48]} {[%emt 00:00:08]} Nf6 {[%clk
01:30:40]} {[%emt 00:01:04]} 4. Nc3 {[%clk 01:32:12]} {[%emt 00:00:06]} Be7
{[%clk 01:28:46]} {[%emt 00:02:24]} 5. e3 {[%clk 01:32:30]} {[%emt 00:00:11]}
O-O {[%clk 01:25:28]} {[%emt 00:03:48]} 6. b3 {[%clk 01:31:52]} {[%emt
00:01:08]} c5 {[%clk 01:20:44]} {[%emt 00:05:14]} 7. Bb2 {[%clk 01:22:23]}
{[%emt 00:09:59]} Nc6 {[%clk 01:17:00]} {[%emt 00:04:15]} 8. Bd3 {[%clk
01:18:59]} {[%emt 00:03:53]} b6 {[%clk 01:12:45]} {[%emt 00:04:47]} 9. dxc5
{[%clk 01:17:31]} {[%emt 00:01:57]} dxc4 {[%clk 01:04:23]} {[%emt 00:08:51]}
10. Bxc4 {[%clk 01:17:36]} {[%emt 00:00:27]} Bxc5 {[%clk 01:03:26]} {[%emt
00:01:26]} 11. Qe2 {[%clk 01:17:55]} {[%emt 00:00:11]} Bb7 {[%clk 00:59:30]}
{[%emt 00:04:26]} 12. O-O {[%clk 01:18:11]} {[%emt 00:00:12]} Na5 {[%clk
00:52:56]} {[%emt 00:07:06]} 13. Rfd1 {[%clk 01:13:38]} {[%emt 00:05:03]} Qe7
{[%clk 00:46:06]} {[%emt 00:07:20]} 14. Bd3 {[%clk 01:13:38]} {[%emt 00:00:29]}
e5 {[%clk 00:43:53]} {[%emt 00:02:44]} 15. Nxe5 {[%clk 00:52:41]} {[%emt
00:21:27]} Qxe5 {[%clk 00:33:19]} {[%emt 00:11:03]} 16. Ne4 {[%clk 00:51:29]}
{[%emt 00:01:42]} Qe7 {[%clk 00:29:03]} {[%emt 00:04:46]} 17. Nxf6+ {[%clk
00:51:17]} {[%emt 00:00:42]} gxf6 {[%clk 00:21:53]} {[%emt 00:07:40]} 18. Qg4+
{[%clk 00:51:25]} {[%emt 00:00:21]} Kh8 {[%clk 00:21:31]} {[%emt 00:00:54]} 19.
Qh4 {[%clk 00:51:16]} {[%emt 00:00:36]} Be4 {[%clk 00:18:23]} {[%emt 00:03:41]}
20. Bxe4 {[%clk 00:50:21]} {[%emt 00:01:25]} Qxe4 {[%clk 00:17:19]} {[%emt
00:01:34]} 21. Qxe4 {[%clk 00:50:42]} {[%emt 00:00:09]} Rfc8 {[%clk 00:16:28]}
{[%emt 00:01:20]} 22. Bxf6+ {[%clk 00:50:16]} {[%emt 00:00:56]} Kg8 {[%clk
00:16:48]} {[%emt 00:00:10]} 23. Qg4+ {[%clk 00:49:42]} {[%emt 00:01:02]} Kf8
{[%clk 00:17:06]} {[%emt 00:00:14]} 24. b4 {[%clk 00:48:39]} {[%emt 00:01:34]}
Be7 {[%clk 00:14:47]} {[%emt 00:02:49]} 25. Bxe7+ {[%clk 00:47:32]} {[%emt
00:01:36]} Kxe7 {[%clk 00:15:06]} {[%emt 00:00:11]} 26. bxa5 {[%clk 00:47:51]}
{[%emt 00:00:12]} bxa5 {[%clk 00:14:48]} {[%emt 00:00:47]} 27. Rac1 {[%clk
00:48:00]} {[%emt 00:00:21]} Rcb8 {[%clk 00:14:59]} {[%emt 00:00:19]} 28. Rc7+
{[%clk 00:48:07]} {[%emt 00:00:23]} Kf8 {[%clk 00:14:51]} {[%emt 00:00:38]} 29.
Qd7 {[%clk 00:48:19]} {[%emt 00:00:17]} Kg7 {[%clk 00:15:01]} {[%emt 00:00:21]}
30. Qxf7+ {[%clk 00:48:42]} {[%emt 00:00:07]} Kh6 {[%clk 00:15:22]} {[%emt
00:00:09]} 31. Rd6+ {[%clk 00:48:48]} {[%emt 00:00:24]} Kg5 {[%clk 00:15:41]}
{[%emt 00:00:11]} 32. Rc5+ {[%clk 00:49:03]} {[%emt 00:00:14]} Kg4 {[%clk
00:15:16]} {[%emt 00:00:57]} 33. Rd4# {[%clk 00:49:22]} {[%emt 00:00:11]} 1-0

[Event "DEM U18w 2025"]
[Site "Willingen GER"]
[Date "2025.06.11"]
[Round "5"]
[White "Ulrich, Helena Irene"]
[Black "Czäczine, Laura"]
[Result "1-0"]
[Termination "normal"]
[Board "12"]
[WhiteElo "1841"]
[BlackElo "1903"]
[WhiteClock "00:31:23"]
[BlackClock "00:07:12"]
[PlyCount "57"]
[WhiteFideId "16256000"]
[BlackFideId "16211448"]
[EventCountry "GER"]
[EventRounds "9"]
[EventType "swiss"]
[EventDate "2025.06.07"]

1. e4 {[%clk 01:30:59]} {[%emt 00:00:01]} e5 {[%clk 01:30:56]} {[%emt
00:00:04]} 2. Nf3 {[%clk 01:31:25]} {[%emt 00:00:04]} Nc6 {[%clk 01:31:23]}
{[%emt 00:00:03]} 3. Bb5 {[%clk 01:31:52]} {[%emt 00:00:04]} a6 {[%clk
01:31:45]} {[%emt 00:00:07]} 4. Ba4 {[%clk 01:32:19]} {[%emt 00:00:03]} Nf6
{[%clk 01:31:16]} {[%emt 00:01:00]} 5. O-O {[%clk 01:32:38]} {[%emt 00:00:09]}
b5 {[%clk 01:30:00]} {[%emt 00:01:47]} 6. Bb3 {[%clk 01:33:04]} {[%emt
00:00:03]} Be7 {[%clk 01:28:53]} {[%emt 00:01:36]} 7. Re1 {[%clk 01:33:28]}
{[%emt 00:00:06]} O-O {[%clk 01:25:34]} {[%emt 00:03:49]} 8. d4 {[%clk
01:30:27]} {[%emt 00:03:31]} exd4 {[%clk 01:19:47]} {[%emt 00:06:18]} 9. e5
{[%clk 01:29:26]} {[%emt 00:01:32]} Ne8 {[%clk 01:18:54]} {[%emt 00:01:23]} 10.
c3 {[%clk 01:28:23]} {[%emt 00:01:32]} dxc3 {[%clk 01:09:04]} {[%emt 00:10:20]}
11. Nxc3 {[%clk 01:27:36]} {[%emt 00:01:17]} d6 {[%clk 01:06:35]} {[%emt
00:02:59]} 12. exd6 {[%clk 01:27:05]} {[%emt 00:01:01]} Nxd6 {[%clk 00:55:34]}
{[%emt 00:11:31]} 13. Nd5 {[%clk 01:23:56]} {[%emt 00:03:39]} Re8 {[%clk
00:41:36]} {[%emt 00:14:28]} 14. Bf4 {[%clk 01:00:59]} {[%emt 00:23:27]} Bg4
{[%clk 00:37:23]} {[%emt 00:04:42]} 15. Nxe7+ {[%clk 00:46:09]} {[%emt
00:15:20]} Nxe7 {[%clk 00:29:16]} {[%emt 00:08:38]} 16. Bxd6 {[%clk 00:42:20]}
{[%emt 00:04:20]} Qxd6 {[%clk 00:28:48]} {[%emt 00:00:57]} 17. Bxf7+ {[%clk
00:41:59]} {[%emt 00:00:51]} Kxf7 {[%clk 00:29:10]} {[%emt 00:00:07]} 18. Ng5+
{[%clk 00:42:28]} {[%emt 00:00:02]} Kg8 {[%clk 00:29:14]} {[%emt 00:00:26]} 19.
Qxg4 {[%clk 00:41:25]} {[%emt 00:01:34]} Ng6 {[%clk 00:18:03]} {[%emt
00:11:39]} 20. Qh3 {[%clk 00:36:12]} {[%emt 00:05:43]} Qb4 {[%clk 00:13:32]}
{[%emt 00:05:02]} 21. Qxh7+ {[%clk 00:35:23]} {[%emt 00:01:19]} Kf8 {[%clk
00:13:58]} {[%emt 00:00:05]} 22. Ne6+ {[%clk 00:35:10]} {[%emt 00:00:43]} Rxe6
{[%clk 00:13:33]} {[%emt 00:00:55]} 23. Rxe6 {[%clk 00:35:37]} {[%emt
00:00:02]} Ne7 {[%clk 00:13:03]} {[%emt 00:01:00]} 24. Rae1 {[%clk 00:34:32]}
{[%emt 00:01:35]} Rd8 {[%clk 00:10:51]} {[%emt 00:02:42]} 25. R6e3 {[%clk
00:31:23]} {[%emt 00:03:39]} Rd5 {[%clk 00:06:09]} {[%emt 00:05:12]} 26. Rf3+
{[%emt 00:01:19]} Ke8 {[%clk 00:06:31]} {[%emt 00:00:01]} 27. Qg8+ {[%clk
00:30:59]} {[%emt 00:00:13]} Kd7 {[%clk 00:06:53]} {[%emt 00:00:07]} 28. Qe6+
{[%clk 00:31:23]} {[%emt 00:00:06]} Kd8 {[%clk 00:07:12]} {[%emt 00:00:11]} 29.
Rf8# {[%emt 00:00:02]} 1-0

[Event "DEM U18w 2025"]
[Site "Willingen GER"]
[Date "2025.06.11"]
[Round "5"]
[White "Stepanjan, Marianne"]
[Black "Margaryan, Sofia"]
[Result "1-0"]
[Termination "normal"]
[Board "13"]
[WhiteElo "1712"]
[BlackElo "1564"]
[WhiteClock "00:37:01"]
[BlackClock "00:16:44"]
[PlyCount "113"]
[WhiteFideId "16246110"]
[BlackFideId "16268229"]
[EventCountry "GER"]
[EventRounds "9"]
[EventType "swiss"]
[EventDate "2025.06.07"]

1. e4 {[%clk 01:30:59]} c6 {[%clk 01:30:55]} {[%emt 00:00:05]} 2. d4 {[%clk
01:31:23]} {[%emt 00:00:06]} d5 {[%clk 01:31:22]} {[%emt 00:00:03]} 3. exd5
{[%clk 01:31:46]} {[%emt 00:00:08]} cxd5 {[%clk 01:31:46]} {[%emt 00:00:06]} 4.
Bd3 {[%clk 01:32:11]} {[%emt 00:00:04]} Nc6 {[%clk 01:32:11]} {[%emt 00:00:05]}
5. c3 {[%clk 01:32:37]} {[%emt 00:00:05]} Qc7 {[%clk 01:32:34]} {[%emt
00:00:06]} 6. h3 {[%clk 01:32:01]} {[%emt 00:01:07]} Nf6 {[%clk 01:32:50]}
{[%emt 00:00:14]} 7. Nf3 {[%clk 01:32:07]} {[%emt 00:00:23]} e5 {[%clk
01:32:18]} {[%emt 00:01:02]} 8. dxe5 {[%clk 01:31:43]} {[%emt 00:00:55]} Nxe5
{[%clk 01:32:34]} {[%emt 00:00:13]} 9. Qe2 {[%clk 01:27:19]} {[%emt 00:04:55]}
Bd6 {[%clk 01:29:14]} {[%emt 00:03:49]} 10. Nxe5 {[%clk 01:20:42]} {[%emt
00:07:08]} Bxe5 {[%clk 01:28:52]} {[%emt 00:00:51]} 11. f4 {[%clk 01:15:57]}
{[%emt 00:05:15]} O-O {[%clk 01:18:45]} {[%emt 00:10:37]} 12. fxe5 {[%clk
01:14:20]} {[%emt 00:02:07]} Re8 {[%clk 01:10:49]} {[%emt 00:08:25]} 13. O-O
{[%clk 01:06:52]} {[%emt 00:07:58]} Rxe5 {[%clk 00:48:36]} {[%emt 00:22:44]}
14. Qf2 {[%clk 00:59:15]} {[%emt 00:08:06]} Re8 {[%clk 00:39:12]} {[%emt
00:09:54]} 15. Bf4 {[%clk 00:47:54]} {[%emt 00:11:52]} Qd7 {[%clk 00:29:51]}
{[%emt 00:09:52]} 16. Nd2 {[%clk 00:40:36]} {[%emt 00:07:46]} b6 {[%clk
00:18:27]} {[%emt 00:11:55]} 17. Rae1 {[%clk 00:38:25]} {[%emt 00:02:42]} Bb7
{[%clk 00:18:36]} {[%emt 00:00:20]} 18. Rxe8+ {[%clk 00:30:43]} {[%emt
00:08:12]} Rxe8 {[%clk 00:18:58]} {[%emt 00:00:08]} 19. Re1 {[%clk 00:29:17]}
{[%emt 00:01:55]} Ne4 {[%clk 00:14:51]} {[%emt 00:04:37]} 20. Nxe4 {[%clk
00:25:27]} {[%emt 00:04:21]} dxe4 {[%clk 00:14:31]} {[%emt 00:00:50]} 21. Qe2
{[%clk 00:21:25]} {[%emt 00:04:20]} h6 {[%clk 00:13:21]} {[%emt 00:01:52]} 22.
Bb5 {[%clk 00:20:58]} {[%emt 00:00:57]} Bc6 {[%clk 00:13:33]} {[%emt 00:00:18]}
23. Bxc6 {[%clk 00:18:47]} {[%emt 00:02:41]} Qxc6 {[%clk 00:13:57]} {[%emt
00:00:06]} 24. Be3 {[%clk 00:18:44]} {[%emt 00:00:32]} f5 {[%clk 00:12:16]}
{[%emt 00:02:12]} 25. Rf1 {[%clk 00:15:56]} {[%emt 00:03:19]} Qd5 {[%clk
00:11:38]} {[%emt 00:01:08]} 26. a3 {[%clk 00:14:54]} {[%emt 00:01:31]} g5
{[%clk 00:09:53]} {[%emt 00:02:14]} 27. Rd1 {[%clk 00:13:42]} {[%emt 00:01:43]}
Qc6 {[%clk 00:09:00]} {[%emt 00:01:24]} 28. g3 {[%clk 00:09:18]} {[%emt
00:04:52]} Rf8 {[%clk 00:05:43]} {[%emt 00:03:48]} 29. Rf1 {[%clk 00:08:20]}
{[%emt 00:01:27]} Qc7 {[%clk 00:04:37]} {[%emt 00:01:38]} 30. Qg2 {[%clk
00:07:37]} {[%emt 00:01:01]} Kh7 {[%clk 00:01:52]} {[%emt 00:03:27]} 31. g4
{[%clk 00:05:29]} {[%emt 00:02:36]} Qd7 {[%clk 00:00:35]} {[%emt 00:01:48]} 32.
gxf5 {[%clk 00:05:34]} {[%emt 00:00:25]} Rxf5 {[%clk 00:00:45]} {[%emt
00:00:20]} 33. Qxe4 {[%clk 00:05:21]} {[%emt 00:00:43]} Kg6 {[%clk 00:00:46]}
{[%emt 00:00:29]} 34. Qxf5+ {[%clk 00:05:21]} {[%emt 00:00:31]} Qxf5 {[%clk
00:01:06]} {[%emt 00:00:10]} 35. Rxf5 {[%clk 00:05:47]} {[%emt 00:00:03]} Kxf5
{[%clk 00:01:31]} {[%emt 00:00:05]} 36. Bd4 {[%clk 00:05:15]} {[%emt 00:01:02]}
h5 {[%clk 00:01:43]} {[%emt 00:00:17]} 37. Kg2 {[%clk 00:05:38]} {[%emt
00:00:07]} Ke4 {[%clk 00:00:39]} {[%emt 00:01:34]} 38. b4 {[%clk 00:04:59]}
{[%emt 00:01:10]} Kd3 {[%clk 00:00:48]} {[%emt 00:00:21]} 39. a4 {[%clk
00:04:32]} {[%emt 00:00:58]} Kc4 {[%clk 00:00:55]} {[%emt 00:00:23]} 40. a5
{[%clk 00:03:04]} {[%emt 00:01:57]} Kb5 {[%emt 00:00:35]} 41. axb6 {[%clk
00:02:58]} {[%emt 00:00:09]} axb6 {[%clk 00:17:38]} {[%emt 00:00:50]} 42. Kf3
g4+ 43. hxg4 {[%clk 00:33:40]} hxg4+ {[%clk 00:18:01]} {[%emt 00:00:07]} 44.
Kxg4 {[%clk 00:34:06]} {[%emt 00:00:04]} Kc4 {[%clk 00:18:05]} {[%emt
00:00:27]} 45. Bxb6 {[%clk 00:34:18]} {[%emt 00:00:18]} Kxc3 {[%clk 00:18:29]}
{[%emt 00:00:06]} 46. Bc5 {[%clk 00:34:44]} {[%emt 00:00:04]} Kc4 {[%clk
00:18:30]} {[%emt 00:00:29]} 47. Kf5 {[%clk 00:35:09]} {[%emt 00:00:04]} Kb5
{[%clk 00:18:50]} {[%emt 00:00:10]} 48. Ke6 {[%clk 00:35:34]} {[%emt 00:00:03]}
Kc6 {[%clk 00:19:03]} {[%emt 00:00:19]} 49. Ke5 {[%clk 00:35:47]} {[%emt
00:00:15]} Kb5 {[%clk 00:18:20]} {[%emt 00:01:14]} 50. Kd5 {[%clk 00:36:02]}
{[%emt 00:00:13]} Ka6 {[%clk 00:18:32]} {[%emt 00:00:20]} 51. Kc4 {[%clk
00:36:15]} {[%emt 00:00:16]} Kb7 {[%clk 00:18:06]} {[%emt 00:00:57]} 52. Kb5
{[%clk 00:36:36]} {[%emt 00:00:09]} Kb8 {[%clk 00:15:51]} {[%emt 00:02:45]} 53.
Ka6 {[%clk 00:35:52]} {[%emt 00:01:12]} Ka8 {[%clk 00:16:01]} {[%emt 00:00:22]}
54. b5 {[%clk 00:36:12]} {[%emt 00:00:09]} Kb8 {[%clk 00:16:08]} {[%emt
00:00:23]} 55. b6 {[%clk 00:36:36]} {[%emt 00:00:06]} Ka8 {[%clk 00:16:19]}
{[%emt 00:00:19]} 56. b7+ {[%clk 00:37:01]} {[%emt 00:00:05]} Kb8 {[%clk
00:16:44]} {[%emt 00:00:05]} 57. Bd6# {[%emt 00:00:02]} 1-0